Companies from Slogans Quiz Stats

 Plays Quiz not verified by Sporcle

Score 0/58 Timer 08:00
0 Plays Today
Slogans Company % Correct
'I'm Lovin' it'McDonalds
92.7%
'Are you in good hands?'Allstate
86.6%
'Just do It'Nike
84.9%
'Have it Your Way'Burger King
82.3%
'Nothing runs like a Deere'John Deere
82.3%
'The Quicker Picker Upper'Bounty
76.7%
'Think Outside the Bun' Taco Bell
72.4%
'They're Grreat!'Frosted Flakes
71.1%
'Plop, plop, fizz, fizz, oh what a relief it is'Alka Seltzer
70.7%
'Breakfast of Champions'Wheaties
69%
'Keeps going and going and going'Energizer
68.1%
'Look, Ma, no Cavaties!'Crest
63.8%
'Betcha Cant just eat one'Lays
62.5%
'Where's the beef?'Wendy's
62.1%
'The Ultimate Driving Machine'BMW
59.9%
'M'm! M'm! Good!'Campbells
59.9%
'15 minutes could save you 15% or more on car insurance'Geico
58.6%
'The most trusted name in news'CNN
57.8%
'When it Positively, Absolutely has to be there overnight'Federal Express
57.3%
'The nighttime sniffling sneezing coughing aching stuffy head fever so you can rest medicine.'NyQuil
56%
'Kills bugs dead'Raid
54.7%
'57 varieties'Heinz
53%
'It's everwhere you want to be'Visa
52.2%
'Where the pets go'Petco
51.7%
'Don't Leave home without it'American Express
51.3%
'The happiest place on earth'Disney land
51.3%
'Magically delicious'Lucky Charms
51.3%
'The king of beers'Budweiser
50.9%
'The real Thing'Coca Cola
50.4%
Slogans Company % Correct
'Let your fingers do the walking'Yellow Pages
50%
'Wanna get away'Southwest Airlines
50%
'Always low prices'Wal-mart
50%
'Gotta have my pops'Corn pops
49.6%
'Good to the last drop'Maxwell House
49.1%
'Think Different'Apple
48.7%
'What's in your wallet?'Capital One
47.8%
'Obey your thirst'Sprite
47.4%
'The Freshmaker'Mentos
46.6%
'The best a man can get'Gillette
44.8%
'The Un-Cola'7up
42.2%
'Reach out and Touch Someone'At&t
40.5%
'We try Harder'Avis
40.5%
'Made from the best stuff on Earth'Snapple
39.2%
'Expect more. Pay less'Target
39.2%
'A Diamond is Forever'De Beers
34.9%
'When you care enough to send the very best'Hallmark
33.6%
'Fly the Friendly Skies'United Airlines
33.2%
'Ask about it at work'Aflac
31%
'Drivers wanted'Volkswagen
28.9%
'Play. Laugh. Grow'Fisher Price
25.9%
'The World's Favourite Airline'British Airways
25.4%
'Get your own box'Cheez-it
19%
'Thousands of Possibilities. Get yours'Best Buy
18.5%
'We never stop working for you'Verizon
16.4%
'Does she or doesn't she?'Clairol
15.9%
'It takes a tough man to make a tender chicken'Perdue
14.2%
'Get More'T-Mobile
7.8%
'Schhh...You-Know-Who'Schweppes
3.9%

You're not logged in!

Compare scores with friends on all Sporcle quizzes.
OR
Log In

Show Comments

Extras

Created Nov 15, 2009ReportNominate
Tags:Company Quiz, Slogans Quiz

Top Quizzes Today


Score Distribution

Your Account Isn't Verified!

In order to create a playlist on Sporcle, you need to verify the email address you used during registration. Go to your Sporcle Settings to finish the process.

Report this User

Report this user for behavior that violates our Community Guidelines.

Details: